000 00464nam a2200181Ia 4500
001 22567
005 20260414150840.0
008 260414t2017||||xx |||||||||||||| ||spa||
041 _aESP
082 _a621.382
_bO626R
100 _aOdom, Wendell
_eAUT
245 0 _aCCNA routing and switching ICND2 200-105 official cert guide
_b
260 _c2017
300 _avarias paginaciones :
_c24 cm.
650 _aTCA
654 _aCET
942 _cLIB
_dJUS
_fJUS
_2ddc
_n
999 _c22567
_d22567